00829cam a2200193Ia 4500008004100000020002200041245022900063246004800292260007500340300003500415504004100450500002600491650003200517650003700549700002200586003000100608005001700609040000900626  a9061911532 (hbk.)00aStatic and dynamic considerations in rock engineering :bproceedings of the ISRM International Symposium on Static and Dynamic Considerations in Rock Engineering, Swaziland/10-12 September, 1990 /cedited by Richard Brummer. aISRM international symposium 1990/Swaziland aRotterdam, Netherlands ;aBrookfield, Vermont :bA.A. Balkema,cc1990. axiii, 401 p. :bill. ;c25 cm. aIncludes bibliographical references  aIncludes author index 0aRock mechanicsvCongresses. 0aEngineering geologyvCongresses.1 aBrummer, Richard.20230123134049.0 cNUST